000 00713nam a2200193Ii 4500
003 JO-AjNU
008 230605s9999||||xx |||||||||||||| ||und||
040 _aJO-AjNU
_bara
_erda
_cJO-AjNU
041 _aara
050 1 4 _aDP102.H35 1988
100 3 _aحسين، حمدي عبد المنعم,
_eauthor
_938036
245 0 0 _aأضواء جديدة حول ثورات طليطلة في عصر الامارة الاموية 138-320 هجري/756-932م
264 3 1 _aالاسكندرية: مؤسسة شباب الجامعة، 1988
300 _a103ص
336 _atext
_btxt
_2rdacontent
337 _aunmediated
_bn
_2rdamedia
338 _avolume
_bnc
_2rdacarrier
650 4 _aالعرب في اسبانيا
_938037
999 _aA15947
_c19515
_d19515